Statistiken für Landkreise in Nordrhein-Westfalen

Klicken Sie hier um das Quiz zu spielen!

Allgemein

  • Dieses Quiz wurde 879 mal gespielt
  • Das Durchschnittsergebnis liegt bei 36 aus 53

Antwortstatistiken

HintAntwort% Korrekt
AAachen
96%
DDüsseldorf
93%
DDortmund
92%
EEssen
92%
KKöln
92%
BBochum
88%
DDuisburg
88%
WWuppertal
88%
BBielefeld
87%
BBonn
85%
GGelsenkirchen
83%
MMünster
83%
RRhein-Sieg-Kreis
82%
PPaderborn
81%
HHamm
76%
HHagen
75%
OOberhausen
75%
BBottrop
73%
LLeverkusen
73%
MMönchengladbach
73%
RRecklinghausen
72%
UUnna
72%
HHerne
71%
KKrefeld
71%
RRheinisch-Bergischer Kreis
70%
SSiegen-Wittkenstein
68%
OOlpe
65%
GGütersloh
64%
SSolingen
64%
KKleve
61%
LLippe
61%
RRemscheid
61%
RRhein-Kreis Neuss
61%
VViersen
61%
CCoesfeld
60%
MMinden-Lübbecke
60%
HHochsauerlandkreis
59%
DDüren
58%
MMülheim an der Ruhr
58%
SSoest
58%
EEuskirchen
57%
HHöxter
57%
WWesel
56%
BBorken
54%
WWarendorf
52%
HHeinsberg
51%
MMettmann
51%
RRhein-Erft-Kreis
50%
EEnnepe-Ruhr-Kreis
48%
HHerford
47%
SSteinfurt
47%
MMärkischer Kreis
45%
OOberbergischer Kreis
33%

Verteilung der Resultate

Perzentil nach korrekt beantworteten Fragen

Anzahl Personen mit jedem Resultat

Ihre Resultats-Entwicklung

Sie haben dieses Quiz noch nicht gespielt